Novela española de postguerra: Ramón J. Sender, Camilo José Cela. Exilio republicano

Saved in:
Bibliografiske detaljer
Hovedforfatter: Godoy Gallardo, Eduardo (autor)
Format: Bog
Sprog:spansk
Udgivet: Valparaíso, Chile Consulado Hon. de España 2009
Valparaíso, Chile Universidad de Chile 2009
Fag:
Tags: Tilføj Tag
Ingen Tags, Vær først til at tagge denne postø!

MARC

LEADER 00000nam a2200000 a 4500
001 UCG4968
003 CL-VaPUC
005 20240312163730.0
008 101216e20090000cl |||||||||||||||||spa|d
999 |c 343566  |d 343564 
040 |c Pontificia Universidad Católica de Valparaíso 
082 0 4 |a 863.09 GOD 2009  |2 21 
100 |a Godoy Gallardo, Eduardo   |e autor  |9 887659 
245 1 0 |a Novela española de postguerra:  |b  Ramón J. Sender, Camilo José Cela. Exilio republicano 
260 |a Valparaíso, Chile  |b Consulado Hon. de España  |c 2009 
260 |a Valparaíso, Chile  |b Universidad de Chile  |c 2009 
300 |a 155 páginas 
583 |a last modification  |c 20171006 10:27:07  |k Rodrigo Vera 
650 7 |a NOVELA ESPAÑOLA  |2 CL-VaPUC  |9 313139  |x HISTORIA Y CRITICA 
650 0 |a Literatura española  |x CRITICA E INTERPRETACION LITERARIA  |9 306261 
852 |a BIBCUR 
942 |c BK  |2 ddc 
945 |d 20101216 00:00:00  |a dcastane 
952 |0 0  |1 0  |2 ddc  |4 0  |6 863_090000000000000_GOD_2009_2009  |7 0  |8 A  |9 440964  |a FDOPOS  |b FDOPOS  |d 2019-11-22  |i 4738853  |o 863.09 GOD 2009 2009  |p 4738853  |r 2025-01-22  |t 1  |w 2019-11-22  |y BK  |k MLH 
952 |0 0  |1 0  |2 ddc  |4 0  |6 863_090000000000000_GOD_2009_2009  |7 0  |8 A  |9 440965  |a BIBEDU  |b BIBEDU  |d 2019-11-22  |i 4738861  |o 863.09 GOD 2009 2009  |p 4738861  |r 2019-11-22  |t 2  |w 2019-11-22  |y BK  |k LIT